000 00241nam a2200097Ia 4500
001 653974
005 20250826154508.0
008 250824s9999 xx 000 0 und d
245 0 _aKUŞLAR BENEKLİ GÖKYÜZÜ
_cVURAL KAYA
260 _bKAYALIPARK
999 _c653974
_d653974